| 000 | 00639nam a2200193Ia 4500 | ||
|---|---|---|---|
| 003 | GCL | ||
| 008 | 140319s9999 xx 000 0 ara d | ||
| 040 |
_aGCL / _cGCL |
||
| 082 | 0 | 4 |
_aق _b320.956 _bم د |
| 100 | 1 | _aمحمد بركة | |
| 245 | 1 | 0 |
_aدموع الحكام / _cمحمد بركة |
| 250 | _aالاولى | ||
| 260 |
_aالقاهرة : _bمركز الراية للنشر والاعلام ، _c1997 |
||
| 300 |
_a205 ص ؛ _c22 سم |
||
| 650 | 0 | 4 | _aالحكام العرب, السلطة |
| 650 | 0 | 4 | _aجمال عبدالناصر |
| 650 | 0 | 4 | _aالعالم العربى - الاحوال السياسية |
| 942 |
_2ddc _cBK |
||
| 999 |
_c47916 _d47916 |
||